[Event "EU-Cup Online Gr-A"]
[Site "Tornelo INT"]
[Date "2021.03.28"]
[Round "6.1"]
[White "Horvath, Laszlo"]
[Black "Celik, Hasan Huseyin"]
[Result "0-1"]
[WhiteElo "2183"]
[BlackElo "2360"]
[PlyCount "148"]
[EventDate "2021.03.27"]
[EventType "team-tourn (rapid)"]
[EventRounds "9"]
[EventCountry "NET"]
[SourceTitle "CBM 201 Extra"]
[Source "ChessBase"]
[SourceDate "2021.05.31"]
[SourceVersion "1"]
[SourceVersionDate "2021.05.31"]
[SourceQuality "1"]
[WhiteTeam "Triesen"]
[BlackTeam "Chess Boys"]
[WhiteTeamCountry "LIE"]
[BlackTeamCountry "TUR"]

1. e4 e6 2. d4 d5 3. exd5 exd5 4. Nf3 Bd6 5. Bd3 Ne7 6. 0-0 Nbc6 7. c3 Bg4 8. Bg5 f6 9. Bh4 Qd7 10. Nbd2 g5 11. Bg3 Bxg3 12. hxg3 0-0-0 13. b4 Ng6 14. Qa4 Kb8 15. Bb5 Nge7 16. Rfe1 Rde8 17. Rab1 h5 18. c4 dxc4 19. Ne4 Rhf8 20. Bxc4 Nxd4 21. Qxd7 Nxf3+ 22. gxf3 Bxd7 23. Nc5 Bc8 24. Bb5 c6 25. Bd3 Nf5 26. Rxe8 Rxe8 27. b5 Kc7 28. bxc6 bxc6 29. Na6+ Bxa6 30. Bxa6 Nd6 31. Bd3 Re5 32. Kg2 c5 33. Rc1 Kc6 34. Bg6 h4 35. gxh4 gxh4 36. f4 Re2 37. a3 f5 38. Rc3 c4 39. Bh5 Rxf2+ 40. Kxf2 Ne4+ 41. Ke3 Nxc3 42. Kd4 Nb5+ 43. Kxc4 Nxa3+ 44. Kb4 Nc2+ 45. Kc3 Ne3 46. Kd4 Ng4 47. Bg6 Nh6 48. Ke3 a5 49. Kf3 Kc5 50. Be8 Kd4 51. Bc6 Ng8 52. Kg2 Ke3 53. Kh3 Ne7 54. Bd7 Kxf4 55. Kxh4 Ke3 56. Kh3 f4 57. Kg2 f3+ 58. Kf1 f2 59. Bb5 Nf5 60. Kg2 Nd4 61. Ba4 Nf3 62. Bb5 Nd2 63. Kg3 f1Q 64. Bxf1 Nxf1+ 65. Kg4 a4 66. Kg5 a3 67. Kh6 a2 68. Kh7 a1Q 69. Kg8 Ng3 70. Kh7 Nf5 71. Kg6 Kf4 72. Kh5 Qh8+ 73. Kg6 Qg7+ 74. Kh5 Qh6# 0-1

[Event "EU-Cup Online Gr-A"]
[Site "Tornelo INT"]
[Date "2021.03.27"]
[Round "1.1"]
[White "Rapport, Richard"]
[Black "Horvath, Laszlo"]
[Result "1-0"]
[WhiteElo "2763"]
[BlackElo "2183"]
[PlyCount "59"]
[EventDate "2021.03.27"]
[EventType "team-tourn (rapid)"]
[EventRounds "9"]
[EventCountry "NET"]
[SourceTitle "CBM 201 Extra"]
[Source "ChessBase"]
[SourceDate "2021.05.31"]
[SourceVersion "1"]
[SourceVersionDate "2021.05.31"]
[SourceQuality "1"]
[WhiteTeam "Baden Baden"]
[BlackTeam "Triesen"]
[WhiteTeamCountry "GER"]
[BlackTeamCountry "LIE"]

1. c4 Nf6 2. Nc3 g6 3. e4 d6 4. d4 Bg7 5. Nge2 0-0 6. Ng3 c6 7. Be2 e5 8. d5 cxd5 9. exd5 Ne8 10. h4 h6 11. Be3 f5 12. f4 Nd7 13. Qd2 h5 14. 0-0-0 e4 15. Kb1 Bf6 16. Rh3 Bxh4 17. Rdh1 Bf6 18. Bxh5 gxh5 19. Nxf5 Ng7 20. g4 Nb6 21. Nh6+ Kh7 22. Nxe4 Kxh6 23. f5+ Kh7 24. Bd4 Nxc4 25. Rxh5+ Kg8 26. Qh6 Bxd4 27. Qg6 Na3+ 28. Kc1 Bxb2+ 29. Kd1 Bxf5 30. Rh8# 1-0

[Event "HUN-chT2 Breyer 1516"]
[Site "Hungary"]
[Date "2015.09.13"]
[Round "1.8"]
[White "Dibusz, Ferenc"]
[Black "Horvath, Laszlo"]
[Result "1-0"]
[WhiteElo "2115"]
[BlackElo "1982"]
[PlyCount "63"]
[EventDate "2015.09.13"]
[EventType "team-tourn"]
[EventRounds "11"]
[EventCountry "HUN"]
[SourceTitle "CBM 170 Extra"]
[Source "ChessBase"]
[SourceDate "2016.02.25"]
[SourceVersion "1"]
[SourceVersionDate "2016.02.25"]
[SourceQuality "1"]
[WhiteTeam "Naszaly Geniusz Tata"]
[BlackTeam "Gyor UDSE"]
[WhiteTeamCountry "HUN"]
[BlackTeamCountry "HUN"]

1. g3 Nf6 2. Bg2 d5 3. d4 c6 4. Nf3 Bf5 5. 0-0 Nbd7 6. b3 e6 7. c4 Bd6 8. Bb2 0-0 9. Nbd2 Re8 10. Nh4 Bg4 11. h3 Bh5 12. Re1 c5 13. cxd5 exd5 14. Nf5 Bc7 15. Rc1 b6 16. Nf1 Ne4 17. dxc5 Ndf6 18. cxb6 Bxb6 19. Bd4 Ba5 20. f3 Bxe1 21. fxe4 Ba5 22. Rc6 Re6 23. exd5 Rxc6 24. dxc6 Rc8 25. N1e3 Bb6 26. Bxb6 Qxb6 27. Ne7+ Kf8 28. Nxc8 Qxe3+ 29. Kh2 Bxe2 30. Qd6+ Kg8 31. Ne7+ Kf8 32. Nf5+ 1-0

[Event "HUN-chT4a 1415"]
[Site "Hungary"]
[Date "2015.02.22"]
[Round "5.3"]
[White "Horvath, Laszlo"]
[Black "Acs, Gyorgy"]
[Result "1-0"]
[WhiteElo "2208"]
[BlackElo "1786"]
[PlyCount "77"]
[EventDate "2014.10.19"]
[EventType "team-tourn"]
[EventRounds "7"]
[EventCountry "HUN"]
[SourceTitle "EXT 2016"]
[Source "ChessBase"]
[SourceDate "2015.10.08"]
[SourceVersion "1"]
[SourceVersionDate "2015.10.08"]
[SourceQuality "1"]

1. d4 Nf6 2. c4 g6 3. Nf3 Bg7 4. e3 d6 5. Be2 0-0 6. 0-0 c6 7. b3 Nbd7 8. Bb2 Qc7 9. Qc2 e5 10. Nbd2 b6 11. Rac1 Bb7 12. e4 Rfe8 13. d5 cxd5 14. exd5 Rac8 15. Qb1 a5 16. Rfd1 Nh5 17. Ng5 Bh6 18. Bxh5 Bxg5 19. Bg4 f5 20. Bh3 Nf6 21. Rc3 Bxd2 22. Rxd2 Ne4 23. Rcd3 Nxd2 24. Rxd2 Rcd8 25. Qc2 f4 26. g3 Rf8 27. Be6+ Kg7 28. Qe4 Bc8 29. gxf4 Bxe6 30. fxe5 Kf7 31. dxe6+ Ke8 32. Ba3 d5 33. cxd5 Rf5 34. Qa4+ Rd7 35. exd7+ Kd8 36. Qc6 Rxe5 37. Qxc7+ Kxc7 38. d6+ Kxd7 39. Rc2 1-0

[Event "HUN-chT2 Breyer 1415"]
[Site "Hungary"]
[Date "2015.02.08"]
[Round "?"]
[White "Horvath, Laszlo"]
[Black "Fekete, Laszlo"]
[Result "1-0"]
[WhiteElo "1977"]
[BlackElo "1803"]
[PlyCount "71"]
[EventDate "2014.09.07"]
[EventType "team-tourn"]
[EventRounds "11"]
[EventCountry "HUN"]
[SourceTitle "EXT 2016"]
[Source "ChessBase"]
[SourceDate "2015.10.08"]
[SourceVersion "1"]
[SourceVersionDate "2015.10.08"]
[SourceQuality "1"]
[WhiteTeam "Gyor UDSE"]
[BlackTeam "Szechenyi"]
[WhiteTeamCountry "HUN"]
[BlackTeamCountry "HUN"]

1. e4 d6 2. d4 g6 3. Nc3 Bg7 4. Nf3 Bg4 5. Be3 Nd7 6. h3 Bxf3 7. Qxf3 e5 8. Bc4 Qf6 9. Nb5 Rc8 10. Nxa7 Ra8 11. Nb5 Rc8 12. Qg3 Qe7 13. d5 Ngf6 14. f3 Nh5 15. Qf2 Bf6 16. h4 Bg7 17. 0-0-0 0-0 18. g4 Nhf6 19. h5 h6 20. g5 Nxh5 21. gxh6 Bh8 22. Rdg1 Kh7 23. Rg4 Rg8 24. Nc3 Rcf8 25. Bd3 Ndf6 26. Rgh4 Nd7 27. Ne2 Ndf6 28. Ng3 Nxg3 29. Qxg3 Nh5 30. Qg2 Bf6 31. Rg4 Bh8 32. Bg5 Bf6 33. Be3 Bh8 34. Qh2 Qf6 35. Bg5 Qxf3 36. Be2 1-0

[Event "Borsod-chT2 1415"]
[Site "Hungary"]
[Date "2014.12.21"]
[Round "4.6"]
[White "Kertesz, Zoltan"]
[Black "Horvath, Laszlo"]
[Result "1/2-1/2"]
[WhiteElo "1767"]
[BlackElo "1792"]
[PlyCount "47"]
[EventDate "2014.09.28"]
[EventType "team-tourn"]
[EventRounds "7"]
[EventCountry "HUN"]
[SourceTitle "EXT 2016"]
[Source "ChessBase"]
[SourceDate "2015.10.08"]
[SourceVersion "1"]
[SourceVersionDate "2015.10.08"]
[SourceQuality "1"]
[WhiteTeam "Szendro"]
[BlackTeam "Hidasnemeti"]
[WhiteTeamCountry "HUN"]
[BlackTeamCountry "HUN"]

1. c4 Nf6 2. Nc3 e5 3. g3 Bc5 4. Bg2 c6 5. e3 0-0 6. Nge2 d6 7. Na4 Bb4 8. a3 Ba5 9. b4 Bc7 10. 0-0 Be6 11. c5 d5 12. d4 Bg4 13. f3 Bh5 14. Nac3 Nbd7 15. Ra2 Re8 16. e4 dxe4 17. d5 exf3 18. Bxf3 Bxf3 19. Rxf3 cxd5 20. Nxd5 Nxd5 21. Qxd5 Nf6 22. Qxb7 Qe7 23. Bg5 e4 24. Re3 1/2-1/2

[Event "Borsod-chT2 1415"]
[Site "Hungary"]
[Date "2014.10.26"]
[Round "2.5"]
[White "Szuhai, Beata Barbara"]
[Black "Horvath, Laszlo"]
[Result "1-0"]
[WhiteElo "1631"]
[BlackElo "1792"]
[PlyCount "91"]
[EventDate "2014.09.28"]
[EventType "team-tourn"]
[EventRounds "7"]
[EventCountry "HUN"]
[SourceTitle "EXT 2016"]
[Source "ChessBase"]
[SourceDate "2015.10.08"]
[SourceVersion "1"]
[SourceVersionDate "2015.10.08"]
[SourceQuality "1"]
[WhiteTeam "Edeleny III"]
[BlackTeam "Hidasnemeti"]
[WhiteTeamCountry "HUN"]
[BlackTeamCountry "HUN"]

1. e4 e6 2. d4 d5 3. exd5 exd5 4. Bd3 Nf6 5. Bg5 Be7 6. Nf3 Bg4 7. Nbd2 0-0 8. 0-0 Nbd7 9. c3 c5 10. Qc2 Rc8 11. Bf5 g6 12. Bxg4 Nxg4 13. Bxe7 Qxe7 14. Rfe1 Qf6 15. h3 Nh6 16. Qb3 Nb6 17. dxc5 Rxc5 18. Qa3 Rc7 19. Re2 a6 20. Rae1 Nf5 21. g4 Nd6 22. Qb4 Nbc4 23. Qb3 b5 24. Nxc4 bxc4 25. Qa3 Ne4 26. Nd2 Nd6 27. Qxa6 Rb7 28. Nf1 Rfb8 29. Re8+ Rxe8 30. Rxe8+ Nxe8 31. Qxb7 Qf3 32. Ng3 Nf6 33. g5 Ne4 34. Qb8+ Kg7 35. Qe5+ Kf8 36. Qh8+ Ke7 37. Qe5+ Kf8 38. Qb8+ Ke7 39. Qe5+ Kf8 40. Nxe4 dxe4 41. Qh8+ Ke7 42. Qf6+ Kd7 43. Qxf3 exf3 44. Kh2 Kc6 45. Kg3 Kb5 46. Kxf3 1-0

[Event "HUN-chT2 Breyer 1415"]
[Site "Hungary"]
[Date "2014.10.12"]
[Round "?"]
[White "Banhazi, Istvan"]
[Black "Horvath, Laszlo"]
[Result "1/2-1/2"]
[WhiteElo "2059"]
[BlackElo "1977"]
[PlyCount "22"]
[EventDate "2014.09.07"]
[EventType "team-tourn"]
[EventRounds "11"]
[EventCountry "HUN"]
[SourceTitle "EXT 2016"]
[Source "ChessBase"]
[SourceDate "2015.10.08"]
[SourceVersion "1"]
[SourceVersionDate "2015.10.08"]
[SourceQuality "1"]
[WhiteTeam "MAFC"]
[BlackTeam "Gyor UDSE"]
[WhiteTeamCountry "HUN"]
[BlackTeamCountry "HUN"]

1. d4 Nf6 2. c4 e6 3. Nf3 Bb4+ 4. Bd2 c5 5. Bxb4 cxb4 6. Nbd2 0-0 7. e4 d6 8. Bd3 Nbd7 9. 0-0 e5 10. Rc1 Re8 11. Re1 Qb6 1/2-1/2

[Event "Borsod-chT2 1415"]
[Site "Hungary"]
[Date "2014.09.28"]
[Round "1.4"]
[White "Balogh, Geza"]
[Black "Horvath, Laszlo"]
[Result "1/2-1/2"]
[WhiteElo "1750"]
[BlackElo "1792"]
[PlyCount "54"]
[EventDate "2014.09.28"]
[EventType "team-tourn"]
[EventRounds "7"]
[EventCountry "HUN"]
[SourceTitle "EXT 2016"]
[Source "ChessBase"]
[SourceDate "2015.10.08"]
[SourceVersion "1"]
[SourceVersionDate "2015.10.08"]
[SourceQuality "1"]
[WhiteTeam "Tiszaujvaros"]
[BlackTeam "Hidasnemeti"]
[WhiteTeamCountry "HUN"]
[BlackTeamCountry "HUN"]

1. e4 e6 2. d4 d5 3. exd5 exd5 4. Nf3 Nf6 5. Bg5 Be7 6. Be2 0-0 7. 0-0 Be6 8. c3 c6 9. Nbd2 Nbd7 10. b4 Re8 11. Ne5 Nxe5 12. dxe5 Nd7 13. Bxe7 Qxe7 14. f4 f5 15. Nf3 h6 16. Nd4 Nf8 17. Bd3 g6 18. Rf3 a6 19. Re3 Kh7 20. Qc2 Qd7 21. Rf1 Rac8 22. Nb3 Qf7 23. a3 Rc7 24. Qe2 Nd7 25. Rh3 Qe7 26. Nd4 Nf8 27. Nb3 Nd7 1/2-1/2

[Event "HUN-chT4 1314"]
[Site "Hungary"]
[Date "2013.11.24"]
[Round "4.1"]
[White "Horvath, Laszlo"]
[Black "Balint, Laszlo"]
[Result "0-1"]
[WhiteElo "2208"]
[BlackElo "1605"]
[PlyCount "44"]
[EventDate "2013.10.13"]
[EventType "team-tourn"]
[EventRounds "11"]
[EventCountry "HUN"]
[SourceTitle "EXT 2016"]
[Source "ChessBase"]
[SourceDate "2015.10.08"]
[SourceVersion "1"]
[SourceVersionDate "2015.10.08"]
[SourceQuality "1"]

1. d4 d5 2. e3 Bf5 3. Nf3 Nf6 4. Nc3 a6 5. Be2 e6 6. Ne5 c5 7. dxc5 Bxc5 8. 0-0 0-0 9. h3 Qc7 10. Nd3 Ba7 11. Bd2 Nbd7 12. a3 Rac8 13. Bg4 Nxg4 14. hxg4 Bg6 15. Nf4 Bb8 16. g3 Ba7 17. Nxg6 fxg6 18. b4 d4 19. exd4 Bxd4 20. Re1 Qxg3+ 21. Kh1 Qh3+ 22. Kg1 Bxf2# 0-1

[Event "HUN-chT2 Breyer 1213"]
[Site "Hungary"]
[Date "2013.01.27"]
[Round "7.8"]
[White "Horvath, Laszlo"]
[Black "Nagy, Aron"]
[Result "1/2-1/2"]
[WhiteElo "2208"]
[BlackElo "2096"]
[PlyCount "64"]
[EventDate "2012.09.16"]
[EventType "team-tourn"]
[EventRounds "11"]
[EventCountry "HUN"]
[SourceTitle "EXT 2014"]
[Source "ChessBase"]
[SourceDate "2013.11.20"]
[SourceVersion "1"]
[SourceVersionDate "2013.11.20"]
[SourceQuality "1"]
[WhiteTeam "Gyor Komszomol"]
[BlackTeam "Husi"]
[WhiteTeamCountry "HUN"]
[BlackTeamCountry "HUN"]

1. e4 c5 2. Nf3 d6 3. d4 cxd4 4. Nxd4 Nf6 5. Nc3 g6 6. Be2 Bg7 7. Be3 Nc6 8. 0-0 0-0 9. Qd2 Ng4 10. Bxg4 Bxg4 11. Nxc6 bxc6 12. Bh6 Be6 13. Rad1 Re8 14. Bxg7 Kxg7 15. Kh1 f6 16. f4 Qa5 17. b3 Qb4 18. Qd4 a5 19. Rfe1 c5 20. Qd2 Red8 21. Nd5 Qxd2 22. Rxd2 Bxd5 23. exd5 Kf7 24. Rde2 Rd7 25. Re4 f5 26. Ra4 Rb7 27. a3 Rb5 28. Kg1 h6 29. Re3 Rbb8 30. h4 Rg8 31. Re6 h5 32. Kf2 Rgb8 1/2-1/2

[Event "HUN-chT2 Breyer 1213"]
[Site "Hungary"]
[Date "2012.09.16"]
[Round "1.9"]
[White "Barczi, Tibor"]
[Black "Horvath, Laszlo"]
[Result "0-1"]
[WhiteElo "2070"]
[BlackElo "2208"]
[PlyCount "64"]
[EventDate "2012.09.16"]
[EventType "team-tourn"]
[EventRounds "11"]
[EventCountry "HUN"]
[SourceTitle "EXT 2014"]
[Source "ChessBase"]
[SourceDate "2013.11.20"]
[SourceVersion "1"]
[SourceVersionDate "2013.11.20"]
[SourceQuality "1"]
[WhiteTeam "Kisber Aszar"]
[BlackTeam "Gyor Komszomol"]
[WhiteTeamCountry "HUN"]
[BlackTeamCountry "HUN"]

1. e4 Nf6 2. Nc3 d5 3. e5 d4 4. exf6 dxc3 5. fxg7 cxd2+ 6. Bxd2 Bxg7 7. c3 Qd5 8. Nf3 Nc6 9. Qa4 Bd7 10. Qc4 Be6 11. Qf4 0-0-0 12. Be3 Qa5 13. Nd2 h5 14. Qg5 Be5 15. f4 Rdg8 16. Qh4 Bxc3 17. Qf2 Bxb2 18. Rb1 Bc3 19. Be2 Rd8 20. Rd1 Nd4 21. 0-0 Nc2 22. Nf3 Nxe3 23. Qxe3 Qb6 24. Qxb6 axb6 25. Rc1 Bf6 26. Rc2 Bf5 27. Rc4 Rd6 28. Rfc1 c6 29. g3 Rd5 30. Ra4 Kc7 31. Bc4 Rc5 32. Rd1 b5 0-1

[Event "HUN-chT2 Breyer 1112"]
[Site "Hungary"]
[Date "2012.05.06"]
[Round "10.6"]
[White "Horvath, Laszlo"]
[Black "Laszlo, Imre"]
[Result "1-0"]
[WhiteElo "2018"]
[BlackElo "2193"]
[PlyCount "61"]
[EventDate "2011.09.25"]
[EventType "team-tourn"]
[EventRounds "11"]
[EventCountry "HUN"]
[SourceTitle "EXT 2013"]
[Source "ChessBase"]
[SourceDate "2012.11.22"]
[SourceVersion "1"]
[SourceVersionDate "2012.11.22"]
[SourceQuality "1"]
[WhiteTeam "Gyor Komszomol"]
[BlackTeam "Geniusz Tata"]
[WhiteTeamCountry "HUN"]
[BlackTeamCountry "HUN"]

1. e4 g6 2. d4 Bg7 3. Nc3 c6 4. Bc4 d6 5. Nf3 Nf6 6. 0-0 b5 7. Bb3 b4 8. e5 dxe5 9. dxe5 bxc3 10. Qxd8+ Kxd8 11. exf6 Bxf6 12. bxc3 Bxc3 13. Rb1 f6 14. Rd1+ Ke8 15. Rd3 Ba5 16. Bh6 Bf5 17. Re3 e6 18. Bg7 Rg8 19. Bxf6 Kf7 20. Ba1 g5 21. Nd4 Bb6 22. Nxf5 Bxe3 23. fxe3 Rd8 24. Rf1 Nd7 25. Nd4+ Kg6 26. Nxe6 Rdc8 27. Bc4 Nf8 28. Bd3+ Kh6 29. Bg7+ Kh5 30. Bxf8 Re8 31. Ng7+ 1-0

[Event "HUN-chT2 Breyer 1112"]
[Site "Hungary"]
[Date "2012.03.25"]
[Round "8.5"]
[White "Horvath, Laszlo"]
[Black "Szunyogh, Istvan"]
[Result "0-1"]
[WhiteElo "2018"]
[BlackElo "1914"]
[PlyCount "106"]
[EventDate "2011.09.25"]
[EventType "team-tourn"]
[EventRounds "11"]
[EventCountry "HUN"]
[SourceTitle "EXT 2013"]
[Source "ChessBase"]
[SourceDate "2012.11.22"]
[SourceVersion "1"]
[SourceVersionDate "2012.11.22"]
[SourceQuality "1"]
[WhiteTeam "Gyor Komszomol"]
[BlackTeam "MAV Elore"]
[WhiteTeamCountry "HUN"]
[BlackTeamCountry "HUN"]

1. e4 e6 2. d4 d5 3. Nd2 dxe4 4. Nxe4 Nf6 5. Bg5 Be7 6. Bxf6 Bxf6 7. Nf3 0-0 8. Nxf6+ Qxf6 9. Bd3 Rd8 10. 0-0 Bd7 11. Ne5 Nc6 12. Nxd7 Rxd7 13. c3 Ne7 14. Re1 Rad8 15. Be4 c5 16. Qh5 cxd4 17. Qxh7+ Kf8 18. Qh8+ Ng8 19. Bh7 Qh6 20. Qxg8+ Ke7 21. Qxd8+ Rxd8 22. Be4 dxc3 23. bxc3 b6 24. g3 Qd2 25. Rec1 Qe2 26. Re1 Qb2 27. c4 Rd2 28. Rf1 Rxf2 29. Rxf2 Qxa1+ 30. Kg2 Qd4 31. Kf3 Qxc4 32. Rc2 Qa4 33. Rc7+ Kf6 34. Rc2 g5 35. g4 Ke5 36. Re2 Qa3+ 37. Re3 Qd6 38. Re2 Kf6 39. Kg2 Qd4 40. Bf3 b5 41. Rf2 b4 42. Kg3 Ke7 43. Kg2 a5 44. Re2 a4 45. Be4 Kf6 46. Kf3 Qc3+ 47. Kg2 Qc4 48. Kf3 Qc3+ 49. Kg2 b3 50. axb3 Qxb3 51. Bc2 Qc4 52. Kf3 a3 53. Bb1 Qb3+ 0-1

[Event "HUN-chT2 Barcza 1112 "]
[Site "Hungary"]
[Date "2012.02.19"]
[Round "6"]
[White "Ordog, Aron"]
[Black "Horvath, Laszlo"]
[Result "1/2-1/2"]
[WhiteElo "1541"]
[BlackElo "2200"]
[PlyCount "52"]
[EventDate "2011.09.25"]
[EventType "team-tourn"]
[EventRounds "11"]
[EventCountry "HUN"]
[SourceTitle "EXT 2013"]
[Source "ChessBase"]
[SourceDate "2012.11.22"]
[SourceVersion "1"]
[SourceVersionDate "2012.11.22"]
[SourceQuality "1"]
[WhiteTeam "Mezokovesd"]
[BlackTeam "Balkany"]
[WhiteTeamCountry "HUN"]
[BlackTeamCountry "HUN"]

1. e4 e5 2. Nf3 Nc6 3. Nc3 Nf6 4. Bc4 Nxe4 5. Bxf7+ Kxf7 6. Nxe4 d5 7. Ng3 e4 8. Ng1 Bc5 9. N1e2 Qf6 10. 0-0 Rf8 11. d3 Rd8 12. Nf4 Ne5 13. Qh5+ Kg8 14. h3 g6 15. Qe2 Qg5 16. Be3 Bxe3 17. Qxe3 exd3 18. Nxd3 Qxe3 19. fxe3 Nc4 20. Rae1 Re8 21. Rf3 Bd7 22. b3 Na3 23. Nb4 Re5 24. Ref1 a5 25. Nd3 Re7 26. Rc1 Bc6 1/2-1/2

[Event "HUN-chT2 Breyer 1112"]
[Site "Hungary"]
[Date "2011.09.26"]
[Round "1.6"]
[White "Horvath, Laszlo"]
[Black "Balazs, Andras"]
[Result "1/2-1/2"]
[WhiteElo "2018"]
[BlackElo "1988"]
[PlyCount "113"]
[EventDate "2011.09.25"]
[EventType "team-tourn"]
[EventRounds "11"]
[EventCountry "HUN"]
[SourceTitle "EXT 2013"]
[Source "ChessBase"]
[SourceDate "2012.11.22"]
[SourceVersion "1"]
[SourceVersionDate "2012.11.22"]
[SourceQuality "1"]
[WhiteTeam "Gyor Komszomol"]
[BlackTeam "Zoltek"]
[WhiteTeamCountry "HUN"]
[BlackTeamCountry "HUN"]

1. e4 c5 2. Nf3 d6 3. d4 cxd4 4. Nxd4 Nf6 5. Nc3 a6 6. Be2 e6 7. Be3 Qc7 8. a4 b6 9. f4 Bb7 10. Bf3 Nbd7 11. 0-0 Nc5 12. e5 dxe5 13. fxe5 Qxe5 14. Bf4 Qxf4 15. Bc6+ Bxc6 16. Rxf4 Bb7 17. Qe2 Bd6 18. Rff1 Ncd7 19. Nxe6 fxe6 20. Qxe6+ Be7 21. Rae1 Ng8 22. Qf7+ Kd8 23. Qxg7 Bf6 24. Rxf6 Ngxf6 25. Qxh8+ Kc7 26. Qg7 Rg8 27. Qf7 Rxg2+ 28. Kf1 Rxh2 29. Re7 Rh6 30. Ne2 Rh1+ 31. Kf2 Rh2+ 32. Ke1 Rh1+ 33. Kd2 Kd8 34. Nd4 Rh2+ 35. Re2 Ne4+ 36. Kd1 Rh1+ 37. Re1 Rxe1+ 38. Kxe1 Kc7 39. Qf4+ Kd8 40. Qf7 Kc7 41. Ne6+ Kd6 42. c4 Nef6 43. b4 Be4 44. Kd2 Bg6 45. c5+ bxc5 46. bxc5+ Kc6 47. Nd8+ Kxc5 48. Qe7+ Kc4 49. Qe6+ Kd4 50. Qxa6 Ne4+ 51. Kc1 Nec5 52. Ne6+ Nxe6 53. Qxe6 Nc5 54. Qf6+ Kc4 55. Kb2 Nxa4+ 56. Ka3 Nc5 57. Qf4+ 1/2-1/2